000 00825nam a2200265Ia 4500
003 OSt
005 20221005103547.0
006 a|||||r|||| 00| 0
007 ta
008 221004b |||||||| |||| 00| 0 hin d
020 _cIndian Rupees 50
024 _a35595
037 _bGift, 01/02/2018,
_cTextual
040 _aCRL
_cCRL
_bhin
041 _2hin
_ahin
082 _aQ1:24x, 152Q1
100 _aदाधीच, नरेश, ले.
245 0 _aसंज्ञान त्रयी
246 _aSanjnyān trayī
260 _aजयपुर
_bसमर प्रकाशन भारत
_c2011
300 _a88पृ0
_ccm.
650 _aधर्म
942 _hQ1:24x, 152Q1
_cTEXL
_2cc
999 _c1010284
_d1010284